The effective executive

Bibliographic Details
Main Author: Drucker Peter F.
Format: Book
Published: New York, NY : HarperCollins Publishers , 2006
Subjects:

MARC

LEADER 00000cam a2200000 7i4500
001 0000022495
005 20080731.0
008 080730
020 |a 0060833459 
020 |a 9780060833459 
090 0 0 |a 658.4   |b DRU 
100 0 |a Drucker Peter F. 
245 1 0 |a The effective executive   |c Peter F. Drucker 
260 |a New York, NY :   |b HarperCollins Publishers ,   |c 2006 
650 0 |a Decision making 
650 0 |a Executives   |z United States 
999 |a 0001036490   |b Book   |c Adult Collection   |e Cawangan Urban Transformation Centre 
999 |a 0001046428   |b Book   |c Adult Collection   |e Cawangan Urban Transformation Centre 
999 |a 0001046429   |b Book   |c Adult Collection   |e Cawangan Tmn. Ungku Tun Aminah